[Event "3. Wittelsbacher Weihnachts-Schach-Open"]
[Site "Kelheim"]
[Date "2014.12.28"]
[Round "5.57"]
[White "Schwab, Leon"]
[Black "Jaschke, Dieter"]
[Result "1/2-1/2"]
[WhiteElo "1237"]
[BlackElo "1921"]
[PlyCount "44"]
[EventDate "2014.??.??"]
[WhiteTeam "SK Kelheim"]
[BlackTeam "TSV Kirchenlaibach"]

1. d4 d5 2. c4 e6 3. Nf3 Nf6 4. Nc3 b6 5. e3 Bb7 6. Bd3 Be7 7. O-O O-O 8. Qc2
h6 9. Bd2 Na6 10. cxd5 Nb4 11. Qb1 Nxd3 12. Qxd3 Nxd5 13. a3 a5 14. Rfc1 Bd6
15. Ne4 Rc8 16. Qb5 c6 17. Qb3 Bc7 18. Bxa5 Ra8 19. Bb4 Nxb4 20. axb4 Rxa1 21.
Rxa1 c5 22. Ned2 cxd4 1/2-1/2

[Event "3. Wittelsbacher Weihnachts-Schach-Open"]
[Site "Kelheim"]
[Date "2014.12.28"]
[Round "5.58"]
[White "Pohl, Steffen"]
[Black "Lohr, Maximilian"]
[Result "1-0"]
[WhiteElo "1789"]
[BlackElo "1318"]
[PlyCount "91"]
[EventDate "2014.??.??"]
[WhiteTeam "SK Schwanstetten"]
[BlackTeam "TSV Mainburg"]

1. e4 d5 2. exd5 Qxd5 3. Nc3 Qa5 4. d4 c6 5. Bf4 Nf6 6. Qd2 Bf5 7. Nf3 e6 8. a3
Nbd7 9. Ra2 Bg6 10. b4 Qh5 11. Be2 Ne4 12. Nxe4 Bxe4 13. Ne5 Qf5 14. Bg4 Bxg2
15. Bxf5 Bxh1 16. Nxd7 Bd5 17. Nxf8 Bxa2 18. Nxe6 fxe6 19. Bd3 b5 20. Bd6 Rd8
21. Bc5 Bd5 22. Qg5 Rd7 23. Qf4 Rb7 24. Be4 a6 25. Bxd5 exd5 26. Qd6 Kf7 27.
Qxc6 Re8+ 28. Kd2 Rbb8 29. Qxd5+ Kf6 30. Qf3+ Ke6 31. Qh3+ Kf6 32. d5 Rbd8 33.
d6 Re6 34. Qxh7 Rexd6+ 35. Bxd6 Rxd6+ 36. Ke3 Re6+ 37. Kf3 Kf7 38. Qh5+ Ke7 39.
Qc5+ Ke8 40. Qc8+ Kf7 41. Qxe6+ Kxe6 42. Ke4 g5 43. h3 Kd6 44. Kf5 Kd5 45. Kxg5
Kc4 46. h4 1-0

[Event "3. Wittelsbacher Weihnachts-Schach-Open"]
[Site "Kelheim"]
[Date "2014.12.28"]
[Round "5.59"]
[White "Schmidt, Franz"]
[Black "Grieneisen Pivatto, Nicolas"]
[Result "1-0"]
[WhiteElo "1842"]
[BlackElo "1358"]
[PlyCount "47"]
[EventDate "2014.??.??"]
[WhiteTeam "SK Abensberg"]
[BlackTeam "FSV Gro?enseebach"]

1. e4 e5 2. Nf3 Nc6 3. Bb5 Nge7 4. c3 a6 5. Ba4 d6 6. h3 Be6 7. d4 Qd7 8. d5 b5
9. dxe6 Qxe6 10. Bb3 Qg6 11. O-O Qxe4 12. Ng5 Qf5 13. Bxf7+ Kd8 14. Bb3 d5 15.
Bxd5 Nxd5 16. Qxd5+ Qd7 17. Qf3 e4 18. Nxe4 Bd6 19. Nxd6 cxd6 20. Be3 Qc7 21.
Nd2 Re8 22. a4 bxa4 23. Nc4 d5 24. Bb6 1-0

[Event "3. Wittelsbacher Weihnachts-Schach-Open"]
[Site "Kelheim"]
[Date "2014.12.28"]
[Round "5.60"]
[White "Meul, Willi"]
[Black "Rangs, Uwe"]
[Result "1/2-1/2"]
[WhiteElo "1885"]
[BlackElo "1429"]
[PlyCount "60"]
[EventDate "2014.??.??"]
[WhiteTeam "SV H?rth-Berrenrath"]
[BlackTeam "SC Tarrasch M?nchen"]

1. d4 d5 2. Nf3 Nf6 3. e3 e6 4. Bd3 c5 5. c3 Be7 6. Nbd2 O-O 7. O-O Nbd7 8. e4
dxe4 9. Nxe4 Nxe4 10. Bxe4 Nf6 11. Bc2 b6 12. Bg5 Nd5 13. Bxe7 Qxe7 14. Qd3 g6
15. Rfe1 Bb7 16. Rad1 Rae8 17. g3 cxd4 18. Qxd4 Rd8 19. Qg4 Nf6 20. Qf4 Rxd1
21. Rxd1 Rd8 22. Rxd8+ Qxd8 23. Qd4 Qxd4 24. Nxd4 a6 25. c4 e5 26. Ne2 Nd7 27.
Nc3 f5 28. Kf1 Kf7 29. Ke2 Ke6 30. Ke3 h6 1/2-1/2

[Event "3. Wittelsbacher Weihnachts-Schach-Open"]
[Site "Kelheim"]
[Date "2014.12.28"]
[Round "5.61"]
[White "B?se, Christina"]
[Black "Karcher, Berthold"]
[Result "0-1"]
[WhiteElo "1414"]
[BlackElo "1861"]
[PlyCount "116"]
[EventDate "2014.??.??"]
[WhiteTeam "SC Bechhofen"]
[BlackTeam "MSA Zugzwang"]

1. e4 c5 2. d3 Nc6 3. g3 g6 4. Bg2 Bg7 5. Ne2 e6 6. Nbc3 Nf6 7. Bg5 d6 8. Qd2
h6 9. Be3 Ng4 10. f4 Nxe3 11. Qxe3 Nd4 12. O-O-O Bd7 13. e5 dxe5 14. fxe5 Qc7
15. Nxd4 cxd4 16. Qxd4 Qxe5 17. Qxe5 Bxe5 18. Bxb7 Rb8 19. Bg2 Bd4 20. Rhf1 O-O
21. Rde1 Rfc8 22. Nd1 Kg7 23. c3 f5 24. Re2 Bf6 25. Rff2 Bg5+ 26. Kb1 a5 27. h4
Bf6 28. Re1 g5 29. hxg5 hxg5 30. d4 Bb5 31. Bf1 Ba4 32. b3 Bd7 33. Rb2 Be7 34.
d5 e5 35. Rxe5 Kf6 36. Re3 Bd6 37. Rh2 Rh8 38. Rxh8 Rxh8 39. Nf2 Bc5 40. Rf3
Bxf2 41. Rxf2 Rh1 42. Kc2 Rg1 43. c4 Rxg3 44. Re2 f4 45. c5 Bf5+ 46. Kb2 Re3
47. Rxe3 fxe3 48. Kc3 Ke5 49. d6 Kd5 50. b4 axb4+ 51. Kxb4 Ke6 52. Kb5 g4 53.
Kb6 Ke5 54. Kc7 g3 55. c6 e2 56. Bxe2 g2 57. d7 g1=Q 58. d8=Q Qa7# 0-1

[Event "3. Wittelsbacher Weihnachts-Schach-Open"]
[Site "Kelheim"]
[Date "2014.12.28"]
[Round "5.62"]
[White "Burgard, Manfred"]
[Black "Wieczorek, Heinz"]
[Result "1-0"]
[WhiteElo "1355"]
[BlackElo "1816"]
[PlyCount "79"]
[EventDate "2014.??.??"]
[WhiteTeam "SF Roding"]
[BlackTeam "SW N?rnberg S?d"]

1. d4 Nf6 2. Bf4 d5 3. e3 e6 4. Bd3 c5 5. c3 Nc6 6. Nd2 e5 7. dxe5 Ng4 8. Ngf3
Qe7 9. Bb5 g6 10. h3 Nh6 11. Bg5 Qc7 12. Bf6 Rg8 13. Qb3 a6 14. Bxc6+ bxc6 15.
O-O Nf5 16. e4 Rb8 17. Qc2 Ng7 18. exd5 cxd5 19. Qa4+ Bd7 20. Qc2 Nh5 21. Bh4
Bf5 22. Qa4+ Bd7 23. Qc2 Nf4 24. Rfe1 Bh6 25. Bg5 Bxg5 26. Nxg5 Rg7 27. Re3 h6
28. Ngf3 g5 29. Nf1 Qc8 30. N3h2 h5 31. Rae1 Rb6 32. e6 Bxe6 33. Qf5 Kf8 34.
Qc2 Bd7 35. b3 Kg8 36. Re7 Be6 37. Ng3 Kf8 38. Nf5 Rg6 39. g4 hxg4 40. hxg4 1-0

[Event "3. Wittelsbacher Weihnachts-Schach-Open"]
[Site "Kelheim"]
[Date "2014.12.28"]
[Round "5.63"]
[White "Helf, Stefan"]
[Black "Oberley, Karl-Heinz"]
[Result "1-0"]
[WhiteElo "1667"]
[BlackElo "1118"]
[PlyCount "53"]
[EventDate "2014.??.??"]
[WhiteTeam "SK Abensberg"]
[BlackTeam "SK Ingolstadt"]

1. e4 d5 2. exd5 Nf6 3. d4 Nxd5 4. c4 Nf6 5. Be2 Bf5 6. Nc3 e6 7. Nf3 Nbd7 8.
O-O Be7 9. Bf4 O-O 10. h3 c6 11. Rc1 Re8 12. Bd3 Bxd3 13. Qxd3 h6 14. Nd2 Nh7
15. Nde4 Bg5 16. Bxg5 Nxg5 17. Nd6 Re7 18. f4 Qc7 19. c5 Nh7 20. Rce1 Ndf6 21.
f5 Nf8 22. Qg3 b6 23. fxe6 Nxe6 24. Rxf6 Nxd4 25. Ref1 bxc5 26. Rxf7 Rxf7 27.
Rxf7 1-0

[Event "3. Wittelsbacher Weihnachts-Schach-Open"]
[Site "Kelheim"]
[Date "2014.12.28"]
[Round "5.64"]
[White "Haxhija, Florim"]
[Black "Weidenhöfer, Robert"]
[Result "1-0"]
[WhiteElo "911"]
[BlackElo "1736"]
[PlyCount "115"]
[EventDate "2014.??.??"]
[WhiteTeam "SK Kelheim"]
[BlackTeam "SW Nürnberg Süd"]

1. e4 b6 2. Bc4 e6 3. Nc3 Bb7 4. Nf3 Nf6 5. d3 Be7 6. O-O O-O 7. Re1 d5 8. Bb3
d4 9. Nb5 c5 10. c3 a6 11. Na3 Nc6 12. Nc2 e5 13. Bd2 Bc8 14. h3 Kh8 15. Ng5
Qe8 16. Rc1 Ng8 17. Qh5 Bxg5 18. Bxg5 f6 19. Qxe8 Rxe8 20. Bd2 Nge7 21. cxd4
exd4 22. Re2 Ne5 23. Ne1 Bd7 24. Bc4 Rec8 25. Bf4 N7g6 26. Bxe5 Nxe5 27. Bd5
Ra7 28. f4 Ng6 29. Rf2 Ne7 30. Bb3 Nc6 31. a3 Rac7 32. Ba2 Na7 33. Rfc2 Ba4 34.
b3 Bd7 35. b4 Nb5 36. bxc5 Nxa3 37. cxb6 Rxc2 38. Nxc2 Nxc2 39. b7 Rb8 40. Rxc2
Rxb7 41. Rc4 h6 42. Rxd4 a5 43. e5 a4 44. Rc4 Be6 45. Rxa4 Bxa2 46. Rxa2 Re7
47. Re2 Kg8 48. Kf2 Kf7 49. Kf3 g6 50. exf6 Rxe2 51. Kxe2 Kxf6 52. Ke3 Ke6 53.
Ke4 Kf6 54. h4 h5 55. d4 Ke6 56. d5+ Kd6 57. g3 Ke7 58. Ke5 1-0

[Event "3. Wittelsbacher Weihnachts-Schach-Open"]
[Site "Kelheim"]
[Date "2014.12.28"]
[Round "5.65"]
[White "H?usler, Florian"]
[Black "Grieneisen Pivatto, Marcus"]
[Result "1-0"]
[WhiteElo "1532"]
[BlackElo "1074"]
[Annotator "Doe,John"]
[PlyCount "64"]
[EventDate "2014.??.??"]
[WhiteTeam "TSV Kareth-Lappersdorf"]
[BlackTeam "FSV Gro?enseebach"]

1. e4 {[%emt 0:00:00]} e5 {[%emt 0:00:00]} 2. Nf3 Nc6 3. Bb5 Bc5 4. d3 Nge7 5.
Nc3 O-O 6. Bg5 Nd4 7. Bc4 Bb4 8. Qd2 d6 9. h3 Be6 10. Bxe6 Nxe6 11. Be3 h6 12.
a3 Ba5 13. g3 Bb6 14. O-O-O Bxe3 15. fxe3 Nc6 16. h4 f5 17. Rdf1 Qd7 18. exf5
Rxf5 19. g4 Rf7 20. Qg2 Rxf3 21. Rxf3 Rf8 22. Rhf1 Qd8 23. Rxf8+ Nxf8 24. Qd5+
Kh7 25. Qf7 Ng6 26. h5 Nh4 27. Ne4 Kh8 28. Qe6 Ng2 29. Kd2 Nh4 30. Rf7 Qg8 31.
Qd7 Nd8 32. Re7 Kh7 1-0

[Event "3. Wittelsbacher Weihnachts-Schach-Open"]
[Site "Kelheim"]
[Date "2014.12.28"]
[Round "5.66"]
[White "Voith, Walter"]
[Black "Grieneisen Pivatto, Tanja"]
[Result "1-0"]
[WhiteElo "1650"]
[BlackElo "1048"]
[PlyCount "41"]
[EventDate "2014.??.??"]
[WhiteTeam "TSV Oberviechtach"]
[BlackTeam "FSV Gro?enseebach"]

1. e4 e5 2. f4 d6 3. Nf3 Nc6 4. fxe5 dxe5 5. Bc4 Bc5 6. c3 a6 7. d4 Be7 8. O-O
Bg4 9. Bxf7+ Kxf7 10. Nxe5+ Ke8 11. Nxg4 Nf6 12. Nxf6+ Bxf6 13. e5 Nxe5 14. Qe2
Qd5 15. Bf4 Kd7 16. Bxe5 Rae8 17. Qg4+ Kc6 18. c4 Qd8 19. Bxf6 Qd6 20. d5+ Kc5
21. Qd4+ 1-0

[Event "3. Wittelsbacher Weihnachts-Schach-Open"]
[Site "Kelheim"]
[Date "2014.12.28"]
[Round "5.67"]
[White "Boos-Guckes, Astrid"]
[Black "Kirsch, Reimund"]
[Result "0-1"]
[WhiteElo "1078"]
[BlackElo "1792"]
[PlyCount "55"]
[EventDate "2014.??.??"]
[WhiteTeam "SV Worms"]
[BlackTeam "SC Beilngries"]

1. e4 c5 2. Nc3 Nc6 3. Nf3 e6 4. Bc4 g6 5. O-O Bg7 6. b3 Nge7 7. Rb1 a6 8. Ba3
d6 9. b4 cxb4 10. Bxb4 b5 11. Bd3 a5 12. Bxd6 Qxd6 13. Nxb5 Qd8 14. Qe1 O-O 15.
Qe3 Nb4 16. Ne1 Bd7 17. Bc4 Rb8 18. Qc5 Rc8 19. Qe3 Rxc4 20. Na3 Rc8 21. c3
Nbc6 22. Nec2 Ne5 23. d4 Nc4 24. Nxc4 Rxc4 25. Na3 Rc6 26. f4 Bc8 27. Rb5 Rxc3
28. Qxc3 0-1

[Event "3. Wittelsbacher Weihnachts-Schach-Open"]
[Site "Kelheim"]
[Date "2014.12.28"]
[Round "5.69"]
[White "Voigt, Tobias"]
[Black "Guckes, Simon"]
[Result "1/2-1/2"]
[WhiteElo "1582"]
[BlackElo "1007"]
[PlyCount "111"]
[EventDate "2014.??.??"]
[WhiteTeam "SK M?nchen S?dost"]
[BlackTeam "SV Worms"]

1. d4 e6 2. Bf4 Nf6 3. Nf3 Nc6 4. h3 d5 5. e3 a6 6. Nbd2 Bb4 7. c3 Be7 8. Bd3
O-O 9. Qc2 h6 10. O-O Bd6 11. Bxd6 Qxd6 12. e4 dxe4 13. Nxe4 Nxe4 14. Bxe4 Bd7
15. Rad1 Qf4 16. Rfe1 Rad8 17. Bh7+ Kh8 18. Re4 Qf6 19. Rg4 e5 20. dxe5 Nxe5
21. Rg3 Bc6 22. Nxe5 Qxe5 23. Re3 Qg5 24. Be4 Rxd1+ 25. Qxd1 Bxe4 26. Rxe4 Qf5
27. Qd4 Qb5 28. Rg4 f6 29. Qb4 Qxb4 30. Rxb4 b6 31. Rd4 Re8 32. Kf1 Kg8 33. Rd7
c5 34. Rd6 Rb8 35. Ke2 Kf7 36. Rd7+ Kf8 37. Ra7 a5 38. Rd7 Re8+ 39. Kd2 Re7 40.
Rxe7 Kxe7 41. Kd3 Kd6 42. Kc4 Kc6 43. a4 g6 44. h4 h5 45. f3 f5 46. f4 Kd6 47.
b4 axb4 48. cxb4 cxb4 49. Kxb4 Kc6 50. Kc4 Kd6 51. Kd4 Ke6 52. Kc4 Kd6 53. Kd4
Ke6 54. Kc4 Kd6 55. Kb5 Kc7 56. Kc4 1/2-1/2

[Event "3. Wittelsbacher Weihnachts-Schach-Open"]
[Site "Kelheim"]
[Date "2014.12.28"]
[Round "5.70"]
[White "Grieneisen Pivatto, Vivian"]
[Black "Scholz, Gerhart"]
[Result "1/2-1/2"]
[WhiteElo "1133"]
[BlackElo "1549"]
[PlyCount "69"]
[EventDate "2014.??.??"]
[WhiteTeam "FSV Gro?enseebach"]
[BlackTeam "SK Abensberg"]

1. e4 d5 2. exd5 Nf6 3. Bc4 Nxd5 4. Qf3 e6 5. Ne2 Nc6 6. b3 Qf6 7. Qxf6 Nxf6 8.
Nbc3 a6 9. a3 Bd6 10. Bb2 Be5 11. O-O-O Nd4 12. Rhe1 O-O 13. Bd3 Nd5 14. Nxd5
Nxe2+ 15. Rxe2 Bxb2+ 16. Kxb2 exd5 17. Re5 c6 18. Bf5 Bxf5 19. Rxf5 Rfe8 20. d4
Re2 21. Rf3 Rae8 22. h4 R8e4 23. g3 h5 24. b4 Re6 25. Rdd3 g6 26. Rde3 Kg7 27.
Rxe6 Rxe6 28. Re3 Kf6 29. Rxe6+ Kxe6 30. Kc3 Kf5 31. Kd3 b5 32. c3 f6 33. Ke3
g5 34. f3 g4 35. f4 1/2-1/2

[Event "3. Wittelsbacher Weihnachts-Schach-Open"]
[Site "Kelheim"]
[Date "2014.12.28"]
[Round "5.71"]
[White "Kukulina, Sonja"]
[Black "Huchler , Stefan"]
[Result "1-0"]
[WhiteElo "1482"]
[BlackElo "1488"]
[PlyCount "61"]
[EventDate "2014.??.??"]
[WhiteTeam "SK M?nchen S?dost"]
[BlackTeam "SK Hohenems"]

1. e4 c6 2. d4 d5 3. Nd2 dxe4 4. Nxe4 Bf5 5. Ng3 Bg6 6. N1e2 h6 7. Nf4 Bh7 8.
Bd3 Bxd3 9. Qxd3 Qa5+ 10. Bd2 Qb6 11. O-O Nf6 12. Rfe1 Nbd7 13. Nf5 Nd5 14.
Nd6+ Kd8 15. Nxf7+ Kc7 16. Nxd5+ cxd5 17. Qc3+ Qc6 18. Qxc6+ bxc6 19. Nxh8 Nf6
20. Ng6 Ne4 21. Bf4+ Kd7 22. Ne5+ Kc7 23. f3 Nf6 24. Ng4+ Kd7 25. Nxf6+ exf6
26. Re3 Bb4 27. c3 Ba5 28. Rae1 Bd8 29. Re8 Rc8 30. Rg8 g5 31. Rg7+ 1-0

[Event "3. Wittelsbacher Weihnachts-Schach-Open"]
[Site "Kelheim"]
[Date "2014.12.28"]
[Round "5.72"]
[White "Mühlich, Raphael"]
[Black "Schilay, Erich"]
[Result "1-0"]
[WhiteElo "785"]
[BlackElo "849"]
[PlyCount "37"]
[EventDate "2014.??.??"]
[WhiteTeam "SK Kelheim"]
[BlackTeam "SK Neumarkt"]

1. e4 e5 2. Nf3 Nc6 3. Bc4 f6 4. Nc3 Nge7 5. d3 a6 6. a3 b5 7. Ba2 d6 8. O-O
Bd7 9. Be3 Qc8 10. Re1 Nd8 11. Qe2 Nb7 12. d4 Be6 13. Bxe6 Qxe6 14. dxe5 fxe5
15. Red1 Nd8 16. a4 c6 17. axb5 cxb5 18. Nxb5 Nc8 19. Nc7+ 1-0

[Event "3. Wittelsbacher Weihnachts-Schach-Open"]
[Site "Kelheim"]
[Date "2014.12.30"]
[Round "7.2"]
[White "Müller, Richard"]
[Black "Pacher, Milan"]
[Result "1/2-1/2"]
[WhiteElo "2155"]
[BlackElo "2432"]
[Annotator "Doe,John"]
[PlyCount "105"]
[EventDate "2014.??.??"]
[WhiteTeam "TuS Coswig"]

1. d4 {[%emt 0:00:00]} Nf6 2. c4 g6 3. Nc3 d5 4. Nf3 Bg7 5. Bf4 O-O 6. Rc1 c5
7. dxc5 Qa5 8. cxd5 Rd8 9. Bd2 Na6 10. a3 Qxc5 11. b4 Qb6 12. e4 Ng4 13. Qe2 e6
14. h3 Ne5 15. Nxe5 Bxe5 16. Be3 Qd6 17. Qa2 Nc7 18. Nb5 Nxb5 19. Bxb5 exd5 20.
exd5 a5 21. Bc5 Qf6 22. Qd2 axb4 23. axb4 Bf4 24. Be3 Bxe3 25. Qxe3 Rxd5 26.
O-O Re5 27. Qd4 Kg7 28. Rc5 Rxc5 29. Qxf6+ Kxf6 30. bxc5 Ra5 31. Rb1 Bf5 32.
Rb4 Ke5 33. c6 bxc6 34. Bxc6 Ra1+ 35. Kh2 h5 36. g3 g5 37. Rb5+ Kf6 38. Rb4 Kg6
39. Be4 f6 40. Bxf5+ Kxf5 41. Kg2 Re1 42. Rb5+ Re5 43. Rb4 Re4 44. Rb5+ Kg6 45.
Ra5 h4 46. gxh4 Rxh4 47. Rb5 Ra4 48. Rb8 Kf5 49. Rb3 Rd4 50. Rf3+ Ke5 51. Re3+
Re4 52. Ra3 Kd4 53. Ra4+ 1/2-1/2

[Event "3. Wittelsbacher Weihnachts-Schach-Open"]
[Site "Kelheim"]
[Date "2014.12.30"]
[Round "7.3"]
[White "Pezerovic, Edin"]
[Black "Meulner, Klaus"]
[Result "1-0"]
[WhiteElo "2418"]
[BlackElo "2117"]
[PlyCount "129"]
[EventDate "2014.??.??"]
[WhiteTeam "M?nchener SC"]
[BlackTeam "SW N?rnberg S?d"]

1. d4 b6 2. Bf4 Bb7 3. Nf3 g6 4. Nbd2 Bg7 5. e4 d6 6. Bc4 e6 7. O-O Ne7 8. c3
O-O 9. Re1 Nd7 10. Qe2 a6 11. a4 Nf6 12. h3 h6 13. e5 Nfd5 14. Bh2 Nf5 15. Ne4
dxe5 16. Nxe5 Qe7 17. a5 Nd6 18. Bd3 Nxe4 19. Bxe4 c5 20. Qf3 Bxe5 21. Bxe5 f5
22. Bxd5 Bxd5 23. Qg3 g5 24. Bd6 Qb7 25. Bxf8 Rxf8 26. axb6 cxd4 27. Qc7 Qa8
28. b7 Qb8 29. Qxb8 Rxb8 30. cxd4 Rxb7 31. Rxa6 Kf7 32. Rb1 Be4 33. Rc1 h5 34.
f3 Bd5 35. Rc2 f4 36. Kf2 Kf6 37. Ra1 Rb4 38. Rd2 Rb3 39. Ra3 Rb7 40. Rc3 g4
41. hxg4 hxg4 42. fxg4 Kg5 43. g3 f3 44. Rxf3 Bxf3 45. Kxf3 Rb3+ 46. Ke4 Kf6
47. Kf4 Rb5 48. Rh2 Kg6 49. Re2 Kf6 50. g5+ Kf7 51. g4 Rd5 52. g6+ Kf6 53. g5+
Ke7 54. g7 Rxd4+ 55. Re4 Rd8 56. Ra4 Kf7 57. Ra7+ Kg8 58. Rb7 Rd5 59. b4 Rf5+
60. Kg4 Rf1 61. b5 Kh7 62. b6 e5 63. Re7 Rb1 64. b7 e4 65. g8=Q+ 1-0

[Event "3. Wittelsbacher Weihnachts-Schach-Open"]
[Site "Kelheim"]
[Date "2014.12.30"]
[Round "7.4"]
[White "Weber, Daniel"]
[Black "Böttger, Lukas"]
[Result "1/2-1/2"]
[WhiteElo "2036"]
[BlackElo "2236"]
[Annotator "Doe,John"]
[PlyCount "59"]
[EventDate "2014.??.??"]
[WhiteTeam "SC Bechhofen"]
[BlackTeam "TuS Coswig"]

1. e4 {[%emt 0:00:00]} c5 2. Nf3 d6 3. d4 cxd4 4. Qxd4 a6 5. Be3 Nc6 6. Qb6 e6
7. Qxd8+ Nxd8 8. Bb6 Bd7 9. Nbd2 Ne7 10. O-O-O Nc8 11. Nc4 Bb5 12. Bxd8 Bxc4
13. Bxc4 Kxd8 14. Bb3 Be7 15. e5 Kc7 16. exd6+ Nxd6 17. Rhe1 Rad8 18. c3 Rhf8
19. Kc2 Bf6 20. Nd2 Nf5 21. Ne4 Rxd1 22. Rxd1 Be7 23. Bc4 g5 24. a4 Nh4 25. g3
Nf3 26. Be2 Ne5 27. Nd2 h5 28. Nc4 Nxc4 29. Bxc4 Bc5 30. b4 1/2-1/2

[Event "3. Wittelsbacher Weihnachts-Schach-Open"]
[Site "Kelheim"]
[Date "2014.12.30"]
[Round "7.5"]
[White "Reinhardt, Bernd"]
[Black "Eibl, Maximilian"]
[Result "1-0"]
[WhiteElo "2225"]
[BlackElo "2165"]
[Annotator "Doe,John"]
[PlyCount "127"]
[EventDate "2014.??.??"]
[WhiteTeam "BG Buchen"]
[BlackTeam "SK Kelheim"]

1. Nf3 {[%emt 0:00:00]} Nf6 {[%emt 0:00:00]} 2. d4 c5 3. e3 b6 4. Nbd2 Bb7 5.
Bd3 g6 6. O-O Bg7 7. Re1 O-O 8. dxc5 bxc5 9. e4 d6 10. e5 dxe5 11. Nxe5 Nc6 12.
Nxc6 Bxc6 13. Nc4 Nd5 14. Ne5 Bb7 15. a3 Qc7 16. Qe2 Rad8 17. Nc4 Rfe8 18. Bd2
Nf4 19. Bxf4 Qxf4 20. Rad1 Qc7 21. c3 e5 22. Ne3 Bc6 23. Bb5 Qb7 24. Bxc6 Qxc6
25. Qc4 Qb7 26. Nd5 Rc8 27. Re2 Kh8 28. Qh4 h6 29. Ne3 Qe7 30. Qxe7 Rxe7 31.
Nc4 Kh7 32. Rd5 e4 33. f3 f5 34. Kf2 Rcc7 35. fxe4 fxe4 36. Nd2 Rb7 37. Nxe4 c4
38. Rc5 Rec7 39. Rxc7 Rxc7 40. Nd2 Bf8 41. Re4 Rf7+ 42. Ke1 Bd6 43. h3 Bg3+ 44.
Kd1 g5 45. Nf3 Rc7 46. Kc2 Bf4 47. Nd4 Rd7 48. Re6 h5 49. Rc6 g4 50. hxg4 hxg4
51. Rxc4 g3 52. Nf3 Bc7 53. Re4 Kg6 54. b4 Kf5 55. Re2 Bb6 56. c4 Bf2 57. c5
Rc7 58. Kc3 Kf6 59. Kc4 a5 60. Rd2 axb4 61. axb4 Kf5 62. Nd4+ Ke4 63. Re2+ Be3
64. Nc2 1-0

[Event "3. Wittelsbacher Weihnachts-Schach-Open"]
[Site "Kelheim"]
[Date "2014.12.30"]
[Round "7.6"]
[White "Sailer, Wolfgang"]
[Black "Schilay, Lorenz"]
[Result "1-0"]
[WhiteElo "2205"]
[BlackElo "1719"]
[PlyCount "33"]
[EventDate "2014.??.??"]
[WhiteTeam "SK Ingolstadt"]
[BlackTeam "SK Neumarkt"]

1. d4 Nf6 2. c4 g6 3. Nc3 d5 4. Nf3 Bg7 5. Bf4 c6 6. e3 Nh5 7. Be5 f6 8. Bxb8
Rxb8 9. cxd5 cxd5 10. Qa4+ Kf7 11. Nxd5 Be6 12. Nc3 a6 13. Bc4 Qc8 14. Bxe6+
Qxe6 15. O-O b5 16. Qb3 f5 17. Ng5+ 1-0

[Event "3. Wittelsbacher Weihnachts-Schach-Open"]
[Site "Kelheim"]
[Date "2014.12.30"]
[Round "7.7"]
[White "Gießmann, Stephan"]
[Black "Müller, Christian"]
[Result "1/2-1/2"]
[WhiteElo "2266"]
[BlackElo "2166"]
[PlyCount "26"]
[EventDate "2014.??.??"]
[WhiteTeam "SK Kelheim"]
[BlackTeam "SC Windischeschenbach"]

1. d4 c5 2. e3 e6 3. c4 Nf6 4. Nc3 Be7 5. Nf3 O-O 6. Bd3 d6 7. O-O a6 8. b3 Qc7
9. Bb2 Nbd7 10. Qe2 b6 11. e4 cxd4 12. Nxd4 Bb7 13. Rad1 Rfe8 1/2-1/2

[Event "3. Wittelsbacher Weihnachts-Schach-Open"]
[Site "Kelheim"]
[Date "2014.12.30"]
[Round "7.8"]
[White "Seitner, Ralf"]
[Black "Wurzel, Andre"]
[Result "1/2-1/2"]
[WhiteElo "2110"]
[BlackElo "2243"]
[Annotator "Doe,John"]
[PlyCount "20"]
[EventDate "2014.??.??"]
[WhiteTeam "SK Ingolstadt"]
[BlackTeam "SK Ingolstadt"]

1. d4 {[%emt 0:00:00]} e6 2. c4 Bb4+ 3. Nc3 Nf6 4. Qc2 c5 5. dxc5 Bxc5 6. Nf3
Qb6 7. e3 Qc7 8. Bd3 a6 9. O-O Be7 10. Nd4 Nc6 1/2-1/2

[Event "3. Wittelsbacher Weihnachts-Schach-Open"]
[Site "Kelheim"]
[Date "2014.12.30"]
[Round "7.11"]
[White "Boos, Patrick"]
[Black "Baur, Stephan"]
[Result "1-0"]
[WhiteElo "2122"]
[BlackElo "1938"]
[PlyCount "83"]
[EventDate "2014.??.??"]
[WhiteTeam "SV Worms"]
[BlackTeam "SK Kelheim"]

1. e4 d6 2. d4 Nf6 3. Nc3 g6 4. Bg5 Bg7 5. e5 Nfd7 6. f4 Nb6 7. Bd3 Nc6 8. Nf3
Bg4 9. Be2 h6 10. Bh4 O-O 11. O-O Re8 12. Bf2 a6 13. h3 Bxf3 14. Bxf3 d5 15. g4
e6 16. Ne2 Qd7 17. c3 Nc4 18. Qc2 b5 19. b3 Na3 20. Qb2 Bf8 21. b4 Nc4 22. Qc2
a5 23. a3 Ra7 24. f5 Ne7 25. fxe6 fxe6 26. Nf4 Kg7 27. Bh4 Ne3 28. Bf6+ Kg8 29.
Qd3 Nxf1 30. Rxf1 Bg7 31. Bxe7 Qxe7 32. Nxg6 Qd7 33. Bd1 c5 34. Bc2 Bh8 35.
bxc5 b4 36. cxb4 axb4 37. axb4 Rea8 38. Ne7+ Qxe7 39. Qg6+ Qg7 40. Qxe6+ Rf7
41. Bg6 Raa7 42. b5 1-0

[Event "3. Wittelsbacher Weihnachts-Schach-Open"]
[Site "Kelheim"]
[Date "2014.12.30"]
[Round "7.12"]
[White "Lautner, Juergen"]
[Black "Hornung, Hans"]
[Result "0-1"]
[WhiteElo "1932"]
[BlackElo "2132"]
[PlyCount "89"]
[EventDate "2014.??.??"]
[WhiteTeam "1.FC Schwarzenfeld"]
[BlackTeam "SK Klosterlechfeld"]

1. c4 Nf6 2. g3 e5 3. Bg2 c6 4. d4 d6 5. Nc3 Be7 6. e3 O-O 7. Nge2 Na6 8. O-O
Bd7 9. h3 Qc8 10. Kh2 Re8 11. b3 Bf8 12. a3 e4 13. Nf4 Nc7 14. a4 a5 15. d5 Na6
16. Ba3 Nb4 17. Bxb4 axb4 18. Na2 c5 19. Qc2 g5 20. Ne2 Bf5 21. Qd2 Bg7 22.
Rad1 h5 23. Rg1 Nd7 24. f4 exf3 25. Bxf3 Ne5 26. Bg2 Bf6 27. Rdf1 Kg7 28. Nd4
cxd4 29. exd4 Ng4+ 30. hxg4 hxg4 31. Rh1 Re4 32. Bxe4 Bxe4 33. Kg1 Bxh1 34.
Kxh1 Qh8+ 35. Kg1 Qh3 36. Qf2 Qh6 37. Nxb4 Rh8 38. Qxf6+ Qxf6 39. Rxf6 Kxf6 40.
Nd3 Ke7 41. c5 Kd7 42. a5 f5 43. b4 Rh3 44. Kf2 f4 45. Nb2 0-1

[Event "3. Wittelsbacher Weihnachts-Schach-Open"]
[Site "Kelheim"]
[Date "2014.12.30"]
[Round "7.13"]
[White "Meulner, Fabian"]
[Black "Simons, Peter"]
[Result "0-1"]
[WhiteElo "1926"]
[BlackElo "2043"]
[Annotator "Doe,John"]
[PlyCount "54"]
[EventDate "2014.??.??"]
[WhiteTeam "SW N?rnberg S?d"]
[BlackTeam "Rheinbacher SF"]

1. c4 {[%emt 0:00:00]} Nf6 {[%emt 0:00:00]} 2. d4 c5 3. d5 b5 4. cxb5 a6 5. f3
e6 6. e4 axb5 7. Bxb5 exd5 8. exd5 Bd6 9. Ne2 Qc7 10. Nbc3 h6 11. g3 O-O 12.
O-O Qb6 13. a4 Na6 14. Ne4 Be5 15. N2c3 Nc7 16. Be3 d6 17. Qd2 Nxe4 18. fxe4
Qa5 19. Bf4 f6 20. Bxe5 fxe5 21. Rxf8+ Kxf8 22. Bc6 Rb8 23. Qf2+ Kg8 24. Rf1
Ba6 25. Qf7+ Kh7 26. Rf6 Rxb2 27. Rg6 Rb1+ 0-1

[Event "3. Wittelsbacher Weihnachts-Schach-Open"]
[Site "Kelheim"]
[Date "2014.12.30"]
[Round "7.14"]
[White "Oestreicher, Hans-Ulrich"]
[Black "Bader, Dominic"]
[Result "1/2-1/2"]
[WhiteElo "1987"]
[BlackElo "2103"]
[PlyCount "86"]
[EventDate "2014.??.??"]
[WhiteTeam "SK Markdorf"]
[BlackTeam "SG B?chenbach/Roth"]

1. Nf3 f5 2. c4 Nf6 3. g3 g6 4. Bg2 Bg7 5. O-O O-O 6. d4 d6 7. Nc3 Qe8 8. d5 a5
9. Be3 Na6 10. Qd2 e5 11. dxe6 Bxe6 12. Ng5 Bc8 13. Rad1 h6 14. Nf3 Kh7 15. Nd4
Ng4 16. Nd5 Nxe3 17. Nxe3 Nc5 18. Nd5 Qf7 19. b3 Ne6 20. Nxe6 Bxe6 21. Nf4 Rfb8
22. Nxe6 Qxe6 23. e3 a4 24. Bd5 Qe7 25. b4 a3 26. Kg2 Qe5 27. Rb1 c6 28. Bf3
Qe6 29. Rfc1 Ra4 30. Rb3 Rc8 31. Qd3 Be5 32. Rxa3 Rxb4 33. Rb3 Rxb3 34. axb3
Ra8 35. Qd2 Ra7 36. Qb4 Qc8 37. Rc2 Qc7 38. Bd1 c5 39. Qb5 Qe7 40. Bf3 Qc7 41.
Rd2 Ra6 42. Rd3 Rb6 43. Qe8 Bf6 1/2-1/2

[Event "3. Wittelsbacher Weihnachts-Schach-Open"]
[Site "Kelheim"]
[Date "2014.12.30"]
[Round "7.15"]
[White "Frei, Robert"]
[Black "Lechermann, Markus"]
[Result "1/2-1/2"]
[WhiteElo "1878"]
[BlackElo "2030"]
[PlyCount "27"]
[EventDate "2014.??.??"]
[WhiteTeam "TSV Mindelheim"]
[BlackTeam "MTV Ingolstadt"]

1. e4 c5 2. c3 d5 3. exd5 Qxd5 4. d4 Nf6 5. Nf3 Bg4 6. Nbd2 cxd4 7. Bc4 Qd7 8.
Qb3 e6 9. Bb5 Nc6 10. Nxd4 Bc5 11. N2f3 Bxf3 12. Nxf3 a6 13. Be2 O-O 14. Bf4
1/2-1/2